000 00467nam a22001577a 4500
008 140123b xxu||||| |||| 00| 0 eng d
050 _aSPC DT929.8.K8N3 1944
100 _aNathan, Manfred
_97051
245 _aPaul Kruger
_bHis life and times
250 _a4th edition
260 _aDurban
_bKnox Publishing Company
_c1944
300 _a510p.
_c22cm
650 _aKruger, Paul
_97052
650 _aTransvaal (South Africa) - History
_97053
942 _2lcc
_cMONOGRAPH
999 _c119686
_d119686